El rey del salón oscuro
Saved in:
| Hovedforfatter: | |
|---|---|
| Format: | Bog |
| Sprog: | spansk |
| Udgivet: |
Buenos Aires
Losada
1974
|
| Udgivelse: | 4a. ed |
| Serier: | Biblioteca Clásica y Contemporánea
|
| Fag: | |
| Tags: |
Tilføj Tag
Ingen Tags, Vær først til at tagge denne postø!
|
MARC
| LEADER | 00000nam a2200000 a 4500 | ||
|---|---|---|---|
| 001 | UCO5065 | ||
| 003 | CL-VaPUC | ||
| 008 | 000825e19740000AG |||||||||||||||||spa|d | ||
| 082 | 0 | 4 | |a 891.402 |b TAG |2 21 |
| 100 | |a Tagore, Rabindranath, |d 1861-1941 |e autor |9 339509 | ||
| 245 | 1 | 3 | |a El rey del salón oscuro |
| 250 | |a 4a. ed | ||
| 300 | |a 120 p | ||
| 942 | |c BK | ||
| 945 | |d 20000825 00:00:00 |a crobeson | ||
| 260 | |a Buenos Aires |b Losada |c 1974 | ||
| 650 | 7 | |a DRAMAS HINDUES |2 CL-VaPUC |9 449821 | |
| 650 | 0 | |a Literatura hindú |9 342647 | |
| 583 | |a last modification |c 20000825 00:00:00 |k Rodrigo Vera | ||
| 490 | 0 | |a Biblioteca Clásica y Contemporánea | |
| 999 | |c 291019 |d 291017 | ||
| 952 | |0 0 |1 0 |4 0 |6 891_402000000000000_TAG_1974 |7 0 |8 A |9 340653 |a BIBART |b BIBART |d 2019-11-20 |i 1218522 |o 891.402 TAG 1974 |p 1218522 |r 2025-03-13 |w 2019-11-20 |y BK |k ART | ||